LEADER 01013nam a2200241 i 4500 001 000000141769 003 CaOOAMICUS 005 20050729000000.0 008 050729s1973 it u000 u ita u 013 $a116498 040 $aSeMil$bita 100 1 $aBlanché, Robert <1898-1975>.$0(OLS)http://semarc/name/33873 240 13$aLa logique et son histoire d'Aristote à Russell.$0(OLS)http://semarc/title/207231 245 13$aLa logica e la sua storia da Aristotele a Russell /$cRobert Blanché. 260 $aRoma :$bUbaldini,$ccopyr. 1973. 300 $a409 p. ;$c22 cm. 500 $aContiene : Indicazioni bibliografiche. 650 4$aLogica - Storia.$0(OLS)http://semarc/subject/13406 850 $aSeMil 852 $aSeMil$W1$xVenegono$y1$m134 7 1 *$j94985$B94985$CSeMilBibl$Z2$F101400 $81 961 $aLascito: Corradi mons. Enrico 996 $6245$aLa logica e la sua storia da Aristotele a Russell$9(OLS)http://semarc/title/207230 996 $6260$aRoma :$bUbaldini$9(OLS)http://semarc/publisher/31419 LEADER 01461nam a2200289 i 4500 001 000000353022 003 CaOOAMICUS 005 20230303121004.0 008 230303s2023 fr a u100 u fre u 020 $a978-2-7010-1738-9 040 $aSeMil$bita 245 03$aLe pouvoir au féminin :$bmodèles at anti-modèles bibliques du 4. au 17. siècle /$cétudes réunies par Marielle Lamy et Sumi Shimahara. 264 1$aParis :$bBeauchesne,$c2023. 300 $a335 p., [3] carte di tav. :$bill. ;$c22 cm 490 1 $aThéologie historique ;$v131 500 $aContributi del congresso internazionale, École normale supérieure de la rue d'Ulm e Sorbonne, 2016 650 4$aBibbia - Potere - Ruolo [delle] donne.$0(OLS)http://semarc/subject/53521 650 4$aDonne [e] potere - Sec. 4.-17.$0(OLS)http://semarc/subject/53522 700 1 $aLamy, Marielle.$0(OLS)http://semarc/name/51816 700 1 $aShimahara, Sumi.$0(OLS)http://semarc/name/117194 830 0$aThéologie historique ;$v131.$0(OLS)http://semarc/title/80 850 $aSeMil 852 $aSeMil$W1$xVenegono$y1$m2UA A 131$j238060$B244250$CSeMilBibl$Z2$F244250 $81 996 $6020$a978-2-7010-1738-9$9(OLS)http://semarc/number/297716 996 $6245$aLe pouvoir au féminin :$bmodèles at anti-modèles bibliques du 4. au 17. siècle$9(OLS)http://semarc/title/442998 996 $6264$aParis :$bBeauchesne$9(OLS)http://semarc/publisher/29638